• 首页
  • 本馆介绍
  • 公告通知
  • 最新文献
  • 馆藏检索
  • 电子资源
  • 读者导购
  • 参考咨询
  • 我的图书馆
  • 登录
  • 详细信息显示
  • 放入我的书架
  • 预约/预借图书
  • 作者相关作品
  • 分类相关作品
  • 丛书相关作品
  • 出版社相关作品

书目信息

  • 表格格式
  • 工作单格式
  • 卡片格式
题名:
董解元西厢记
    
 
作者: 董解元 著 ;杨慎 点校
分册: 上  
出版信息: 济南   齐鲁书社  1984
页数: 全一册
开本: 25*16cm
丛书名:
单 册:
中图分类: I239.5
科图分类:
主题词: 戏剧文学--剧本--中国
电子资源:
ISBN:
000 00661nam0 2200217 450
001 0631226671
005 20061029084353.53
010    @b线装@dCNY2.00
100    @a20061029d1984 km y0chiy0120 ea
101 0  @achi
102    @aCN@b370000
200 1  @a董解元西厢记@h上@Adong jie yuan xi xiang ji@f董解元著@Fdong jie yuan zhu@g杨慎点校@Gyang shen dian xiao
210    @a济南@c齐鲁书社@d1984
215    @a全一册@d25*16cm
300    @a本函共六册,上、下为一套共三套一函
606 0  @a戏剧文学@x剧本@x中国
690    @aI239.5@v3
701  0 @a董解元@Adong jie yuan@4著
702  0 @a杨慎@Ayang shen@4点校
801  0 @aCN@bPFT@c20061029
905    @a10447@dI239.5@e57:1
    
    董解元西厢记.上/董解元著/杨慎点校.-济南:齐鲁书社,1984
    全一册;25*16cm
    本函共六册,上、下为一套共三套一函
    
    ISBN (线装):CNY2.00
    
●
相关链接 在E读中查询图书 在五车中查询图书 在当当中查询图书 在豆瓣中查询图书


正题名:董解元西厢记     索取号:I239.5/57:1         预约/预借

序号 登录号 条形码 馆藏地/架位号 状态 备注
1 0266158   202431298   古籍典藏专区/ [索取号:I239.5/57:1] 在馆    
2 0266160   202431314   古籍典藏专区/ [索取号:I239.5/57:1] 在馆    
3 0266162   202431332   古籍典藏专区/ [索取号:I239.5/57:1] 在馆    
欢迎您!
大连网信软件有限公司© 版权所有